Heisman Trophy - Top 5 Voting Since 2010 - Statistics

General Stats
  • This quiz has been taken 105 times
  • The average score is 21 of 68
Answer Stats
Answer % Correct
Travis Hunter
95%
Jayden Daniels
86%
Caleb Williams
80%
DeVonta Smith
78%
Joe Burrow
77%
Bryce Young
75%
Baker Mayfield
66%
Chase Young
66%
Ashton Jeanty
64%
Derrick Henry
64%
Kyler Murray
63%
Lamar Jackson
61%
Jameis Winston
59%
Cam Newton
58%
Marcus Mariota
58%
C.J. Stroud
55%
Mac Jones
55%
Johnny Manziel
52%
Michael Penix Jr.
52%
Bo Nix
50%
Jalen Hurts
48%
Trevor Lawrence
47%
Cam Ward
45%
Robert Griffin III
44%
Justin Fields
39%
Tua Tagovailoa
39%
Dillon Gabriel
38%
Deshaun Watson
34%
Aidan Hutchinson
33%
Najee Harris
33%
Andrew Luck
30%
Christian McCaffrey
27%
Marvin Harrison Jr.
27%
Cam Skattebo
23%
Max Duggan
23%
Stetson Bennett
23%
Saquon Barkley
22%
Manti Te'o
20%
Dwayne Haskins
19%
Melvin Gordon
19%
A.J. McCarron
16%
Kenny Pickett
14%
Amari Cooper
13%
Jonathan Taylor
11%
Bryce Love
9%
Kyle Trask
9%
Jabrill Peppers
8%
Jordan Travis
8%
Jordan Lynch
6%
J.T. Barrett
6%
Hendon Hooker
5%
LaMichael James
5%
Montee Ball
5%
Braxton Miller
3%
Dede Westbrook
3%
Kellen Moore
3%
Tyrann Mathieu
3%
Will Grier
3%
Collin Klein
2%
Gardner Minshew
2%
Justin Blackmon
2%
Rashaad Penny
2%
Trevon Boykin
2%
Will Anderson Jr.
2%
Andre Williams
0%
Keenan Reynolds
0%
Marqise Lee
0%
Trenton Richardson
0%
No matching quizzes found
Score Distribution
Percent of People with Each Score
Percentile by Number Answered
Your Score History
You have not taken this quiz